Democracia de género: una propuesta para mujeres y hombres del siglo XXI /

保存先:
書誌詳細
共著者: Gomaris, Enrique, comp Meentzen, Ängela comp
フォーマット: テキスト
出版事項: San José: Fundación Heinrich Böll Stiftung. Fundación Género y Sociedad
主題:
タグ: タグ追加
タグなし, このレコードへの初めてのタグを付けませんか!

MARC

LEADER 00000 a a2200000 04500
001 29376
003
040
020 |a 9968-829-07-2  
090 |a 192104  
110 |a Gomaris, Enrique  
245 |a Democracia de género: una propuesta para mujeres y hombres del siglo XXI /  |c Enrique Gomaris 
260 |a San José:   |b Fundación Heinrich Böll Stiftung. Fundación Género y Sociedad  
650 |a ANALISIS DE GENERO  
650 |a PARTICIPACION DE LOS HOMBRES  
650 |a ROLES DE LOS GENEROS  
650 |a IGUALDAD DE GENERO  
650 |a PARTICIPACION DE LA MUJER  
650 |a DEMOCRACIA  
710 |a comp   |a Meentzen, Ängela   |a comp  
999 |c 3132  |d 3132